BRUKNER & KHAN'S CLINICAL SPORTS MEDICINE : FOUNDATION'S OF CLINICAL PRACTICE (Record no. 8768)

MARC details
000 -LEADER
fixed length control field 00666nam a22001817a 4500
005 - DATE AND TIME OF LATEST TRANSACTION
control field 20250423123914.0
008 - FIXED-LENGTH DATA ELEMENTS--GENERAL INFORMATION
fixed length control field 250422b |||||||| |||| 00| 0 eng d
020 ## - INTERNATIONAL STANDARD BOOK NUMBER
ISBN 978-1761-000-010
041 ## - LANGUAGE CODE
Language code of text/sound track or separate title eng
082 ## - DEWEY DECIMAL CLASSIFICATION NUMBER
Classification number 617.1027 BRU C
100 ## - MAIN ENTRY--AUTHOR NAME
Personal name BRUKNER, PETER . ARDERN, CLARE . BAHR, ROALD . BLAZEY, PAUL & CLARSEN, BEN & CROSSLEY, KEY & BRUCE, FORSTER & HUTCHINSON, MARK & LASINSKY, ANNE AND KHAN, KARIM
245 ## - TITLE STATEMENT
Title BRUKNER & KHAN'S CLINICAL SPORTS MEDICINE : FOUNDATION'S OF CLINICAL PRACTICE
250 ## - EDITION STATEMENT
Edition statement 6TH ED.
260 ## - PUBLICATION, DISTRIBUTION, ETC. (IMPRINT)
Place of publication AUSTRALIA
Name of publisher McGRAW HILL EDUCATION PTY.LTD
Year of publication 2025
300 ## - PHYSICAL DESCRIPTION
Number of Pages 470;P
650 ## - SUBJECT ADDED ENTRY--TOPICAL TERM
Topical Term PHYSIOTHERAPY
942 ## - ADDED ENTRY ELEMENTS (KOHA)
Koha item type Books
Holdings
Lost status Damaged status Collection code Home library Current library Shelving location Date acquired Source of acquisition Full call number Accession Number Koha item type
    PHYSIOTHERAPY JRU Library JRU Library Reference Section 22/04/2025 PURCHASE RB 617.1027 BRU-C 28756 28756 Books